000 00999nam a2200241 i 4500
001 183882
003 ES-MaACL
005 20251120135057.0
008 141104s2014 sp aco |||| | spa d
020 _a978-84-9873-242-9
100 1 _aFaucha Pérez, Francisco Javier.
_9155845
245 1 4 _aLos toros y su mundo en los Carabancheles
_b: (s. XVII-XXI) /
_cFrancisco Javier Faucha Pérez, Jesús Fernández Sanz.
260 _aMadrid :
_bLa Librería,
_c2014.
300 _a203 p. :
_bil., retr. ;
_c24 cm.
504 _aBibliografía: p. 199-203.
610 2 4 _aPlaza de Toros de Vista Alegre (Madrid)
_9155848
650 4 _aCorridas de toros-
_zMadrid-
_vHistoria.
_9138679
700 1 _aFernández Sanz, Jesús,
_d1951-
_9155844
852 _aES-MaACL
_jA-13294
_9190840
_bR.150136
_cDEPO1
_dOlim: N-6294
_hDonación: Jesús Fernández Sanz
_gDedicatoria autógrafa del autor
903 _aFernández Sanz, Jesús,
_d1951-
_ednr
_9155844
942 _2udc
_cMONOGRAFIA
999 _c183882
_d183882